000 00437nam a22001577a 4500
020 _a9781934408018
040 _cNUST
082 _a158.1,RUI
100 _aRuiz, Don Miguel
_9134443
245 _aThe four agreements /
_cDon Miguel Ruiz
260 _aCalifornia
_bAmber-Allen
_c1997
300 _a92.p.;
650 _aIdentifying
_9134444
651 _abreaking free from self- limiting societal
_9134445
942 _2ddc
_cBK
_k155.1RUI
999 _c617439
_d617439